América Latina
保存先:
| フォーマット: | 図書 |
|---|---|
| 言語: | スペイン語 |
| 出版事項: |
Madrid
Cultural
2006
|
| シリーズ: | Maravillas del Mundo: Grandes Civilizaciones, 8
|
| 主題: | |
| タグ: |
タグ追加
タグなし, このレコードへの初めてのタグを付けませんか!
|
MARC
| LEADER | 00000nam a2200000 a 4500 | ||
|---|---|---|---|
| 001 | UCG3639 | ||
| 003 | CL-VaPUC | ||
| 008 | 100909e20060000SP |||||||||||||||||spa|d | ||
| 020 | |a 8480558180 | ||
| 082 | 0 | 4 | |a 911.98 |b AME |2 21 |
| 245 | 1 | 0 | |a América Latina |
| 300 | |a 170 p | ||
| 942 | |c BK | ||
| 945 | |d 20100909 00:00:00 |a mfarfan | ||
| 260 | |a Madrid |b Cultural |c 2006 | ||
| 650 | 0 | |a Geografía histórica |9 267532 | |
| 650 | 0 | |a Geografía |9 259346 | |
| 651 | 0 | |a América Latina |9 255027 | |
| 583 | |a last modification |c 20100909 00:00:00 |k Rodrigo Vera | ||
| 490 | 0 | |a Maravillas del Mundo: Grandes Civilizaciones, 8 | |
| 999 | |c 342686 |d 342684 | ||